000 00630nam a22002297a 4500
003 DO-SdBNP
005 20180214150449.0
008 161031b 2006 xxu a 1 00| 0 spa d
020 _a0765276895
040 _aBPMSU
_bspa
_cBPMSU
082 _axxxx
_bP964
100 1 _aProkos, Anna
245 1 0 _aAtlas mundial /
_cAnna Prokos
260 _aEstados Unidos :
_bCelebration Press,
_bPearson Learning Group ,
_c2006.
300 _a24 p. :
_bil. ;
_c29 cm.
490 1 _aiOpeners
500 _aIncluye índice
830 0 _aiOpeners
942 _2ddc
_cBK
945 _aInventariado, 2018/ YL
956 _aYLOCKWARD
_b10
_cBPMSU
999 _c12605
_d12605